000 00651nam a2200193 a 4500
001 000377901
003 AM-YeHGA
005 20250618072311.0
008 041105s1937 ai 000 | arm d
040 _aAM-YeHGA
041 0 _aarm
100 0 _aԱղավնի,
_d1911-1992
_982
245 1 0 _aԿաքավաձոր :
_b(Մանկական պոեմ) /
_cԱղավնի; Նկ.՝ Հ. Մարտիրոսյան.
260 _aՅերևան :
_bՊետհրատ,
_c1937.
300 _a20 էջ :
_bնկ. ;
_c17 սմ.
650 1 4 _aՀայ մանկական գրականություն
_xՊոեզիա
700 1 _aՄարտիրոսյան, Հ.
_eնկ.
_4art
090 _c145854
999 _c144470
_d144470